Les langues officielles - Statistiques

Statistiques générales
  • Ce quiz a été pris 119 fois
  • Le résultat moyen est 35 sur 142
Statistiques - réponses
Langues % Correct
Français
94%
Anglais
93%
Espagnol
91%
Portugais
91%
Arabe
90%
Chinois
89%
Allemand
88%
Russe
88%
Italien
87%
Japonais
83%
Grec
71%
Suedois
70%
Coréen
69%
Norvégien
66%
Ukrainien
66%
Polonais
65%
Roumain
64%
Néerlandais
63%
Danois
59%
Croate
57%
Thaï
55%
Serbe
53%
Slovaque
53%
Albanais
52%
Vietnamien
52%
Finnois
51%
Hindi
51%
Hongrois
51%
Islandais
51%
Turque
51%
Irlandais
50%
Letton
50%
Bulgare
49%
Slovène
49%
Estonien
48%
Tchèque
48%
Persan
46%
Latin
44%
Lituanien
44%
Hébreu
41%
Mongol
41%
Armenien
40%
Indonésien
39%
Malais
39%
Créole
38%
Géorgien
36%
Biélorusse
35%
Macédonien
33%
Lao
31%
Maltais
31%
Népalais
31%
Pachto
31%
Ouzbek
30%
Bengali
28%
Birman
28%
Catalan
28%
Kazakh
28%
Malgache
27%
Kirghiz
26%
Afrikaans
25%
Tadjik
25%
Luxembourgeois
23%
Khmer
20%
Turkmène
20%
Zoulou
19%
Maori
17%
Tamoul
16%
Somali
15%
Lingala
14%
Ourdou
14%
Monténégrin
13%
Fidjien
11%
Quechua
11%
Kurde
9%
Amazigh
6%
Aymara
5%
Azérie
5%
Guarani
5%
Marshallais
5%
Nauruan
5%
Sotho
5%
Tongien
5%
Filipino
4%
Kikongo
4%
Paluan
4%
Shona
4%
Gilbertin
3%
Kirundi
3%
Occitan
3%
Tétoum
3%
Bichelamar
2%
Dzongkha
2%
Kiswahili
2%
Sango
2%
Sesotho
2%
Singhalais
2%
Tuvaluan
2%
Araona
1%
Baure
1%
Bésiro
1%
Chichewa
1%
Ewe
1%
Hiri motu
1%
Mirandais
1%
Shuar
1%
Sindebele
1%
Tigrinya
1%
Tok pisin
1%
Canichana
0%
Cavineña
0%
Cayubaba
0%
Chacobo
0%
Chimane
0%
Divehi
0%
Ese ejja
0%
Guarasu we
0%
Guarayu
0%
Itonama
0%
Kabiyè
0%
Kallawaya
0%
Leko
0%
Machineri
0%
Maropa
0%
Mojeno Trinitario
0%
Moré
0%
Mosetén
0%
Movima
0%
Ndébélé
0%
Pacahuara
0%
Puquina
0%
Saoman
0%
Shikomor
0%
Siriono
0%
Tacana
0%
Tapiete
0%
Toromona
0%
Uru Chipaya
0%
Wichi
0%
Yaminahua
0%
Yuki
0%
Yuracaré
0%
Zamuco
0%
Aucun quiz correspondant
Distribution des résultats
% des personnes avec chaque résultat
Percentile par nombre de réponses
Votre historique - résultats
Vous n’avez pas pris ce quiz